000 00730cam a2200241 4500
008 090401t1993 xxu||||| |||| 00| 0 eng d
020 _a1874059071
035 _a(Sirsi) u65053
041 _aeng
050 _a346.410482
110 _aAssociation for Geographic Information
_9166
245 _aReport by the Copyright Working Party.
260 _aLondon
_bAssociation of Geographic Information
_c1993
300 _a19p. ; 30cm.
350 _a0
490 _aAGI Publication
_v1/93
650 _aCOPYRIGHT DESIGNS AND PATENTS ACT 1988
650 _aCOPYRIGHT WORKING PARTY
650 _aGEOGRAPHIC INFORMATION
690 _aMANAGEMENT-BUSINESS MANAGEMENT-INFORMATION MANAGEMENT
942 _n0
948 _c04/03/1997
999 _c94731
_d94731